000
00348pab a2200157 454500
008
180718b1995 xxu||||| |||| 00| 0 eng d
100
_a
Noorani, A.G.
245
_a
Court and Seshan
260
_c
1995
300
_a
p.8
362
_a
31 Jul
650
_a
Courts
650
_a
Election officials - India
773
_a
Statesman
909
_a
29879
999
_c
29879
_d
29879